Statistics for 33 Volcanos of the World

Click here to take the quiz!

General Stats

  • This quiz has been taken 60 times
  • The average score is 14 of 33

Answers on the Map

Answers color-coded by a green-red scale on the quiz's map according to % correct below.
 

Answer Stats

Answer% Correct
Eyjafjallajökull
69%
Etna
65%
Fuji
62%
Aragac
58%
Mauna Kea
58%
Stromboli
58%
Teide
58%
Beerenberg
54%
Kluczewska Sopka
54%
Mauna Loa
54%
Rainier
54%
Wezuwiusz
50%
Kamerun
46%
Cotopaxi
42%
Erebus
42%
Hekla
42%
Pinatubo
42%
Rinjani
42%
Shasta
42%
Llullaillaco
38%
Ojos Del Salado
38%
Popocatepetl
38%
Semeru
38%
Kartala
31%
Meru
31%
Ruapehu
31%
Kerinci
27%
Orizaba
27%
San Miguel
27%
El Misti
23%
Nevado De Colima
19%
San Pedro
15%
Tenorio
12%

Score Distribution

Percentile by Number Answered

Percent of People with Each Score

Your Score History

You have not taken this quiz